Zares del Imperio Ruso - Estadísticas

Estadísticas generales
  • Esta prueba ha sido intentada 85 veces
  • La puntuación promedio es 10 de 14
Estadísticas de respuestas
Reinado Respuesta % Correcto
1825-1855 Nicolas I
97%
1894-1917 Nicolas II
97%
1801-1825 Alejandro I
85%
1855-1881 Alejandro II
83%
1721-1725 Pedro I
82%
1881-1894 Alejandro III
81%
1725-1727 Catalina I
81%
1727-1730 Pedro II
76%
1762-1796 Catalina II
72%
1762 Pedro III
69%
1740-1741 Ivan VI
49%
1796-1801 Pablo I
44%
1730-1740 Ana I
42%
1741-1762 Isabel I
39%
No se encontraron pruebas coincidentes
Distribución de puntuación
Porcentaje de gente con cada puntuación
Porcentaje por número respondido
Historial de tus puntuaciones
No has intentado esta prueba.